00462 2200193 4500001002100000008004100021035002000062245003100082100001200113260002400125300002000149020002200169084001400191082000800205650001000213990001500223990001500238990001500253INLIS000000000003231 ind  a0010-1225000052 aBungkam SuaracJ.S.Khairen aKhairen aJakarta :bGrasindo a368c13,5x20 cm a978-602-05-2981-3 a813 KHA b a813 aFiksi a19702/B/26 a19703/B/26 a19704/B/26